[Event "POL-chT 60th 1st League"]
[Site "Ustron"]
[Date "2004.09.11"]
[Round "8"]
[White "Konkol, Adam"]
[Black "Seifert, Henryk"]
[Result "0-1"]
[WhiteElo "1800"]
[BlackElo "2253"]
[PlyCount "40"]
[EventDate "2004.09.04"]
[EventType "team-tourn"]
[EventRounds "9"]
[EventCountry "POL"]
[SourceTitle "EXT 2007"]
[Source "ChessBase"]
[SourceDate "2006.11.23"]
[SourceVersion "1"]
[SourceVersionDate "2006.11.23"]
[SourceQuality "1"]
[WhiteTeam "Rybnik MKSz"]
[BlackTeam "Dankowice Pasjonat"]
[WhiteTeamCountry "POL"]
[BlackTeamCountry "POL"]

1. e4 c5 2. Nf3 e6 3. d4 cxd4 4. Nxd4 Nf6 5. Bd3 Nc6 6. Nxc6 bxc6 7. Nc3 d5 8. e5 Nd7 9. f4 Qb6 10. Qf3 Nc5 11. Be2 Be7 12. Rb1 Ba6 13. Be3 Bxe2 14. Nxe2 Qa6 15. a3 0-0 16. 0-0 Ne4 17. Ng3 Nxg3 18. Qxg3 c5 19. f5 exf5 20. Rxf5 Qg6 0-1